Catálogo

REFLECTIONS. (Registro nro. 22380)

Detalles MARC
000 -LEADER
fixed length control field 00383nam a2200145 a 4500
001 - CONTROL NUMBER
control field 22380
005 - DATE AND TIME OF LATEST TRANSACTION
control field 20180713220257.0
008 - FIXED-LENGTH DATA ELEMENTS--GENERAL INFORMATION
fixed length control field 140415s1990 000 0 spa d
020 ## - INTERNATIONAL STANDARD BOOK NUMBER
International Standard Book Number 9687380128
041 ## - LANGUAGE CODE
Language code of text/sound track or separate title spa
082 ## - DEWEY DECIMAL CLASSIFICATION NUMBER
Classification number 421.07
Item number REF
245 00 - TITLE STATEMENT
Title REFLECTIONS.
260 ## - PUBLICATION, DISTRIBUTION, ETC.
Place of publication, distribution, etc. [s.l.] :
Name of publisher, distributor, etc. MACMILLAN EDUCATION,
Date of publication, distribution, etc. 1990.
650 14 - SUBJECT ADDED ENTRY--TOPICAL TERM
Topical term or geographic name entry element INGLES
General subdivision ESTUDIO Y ENSEANZA, ETC.
Existencias
Withdrawn status Lost status Source of classification or shelving scheme Damaged status Not for loan Collection code Home library Current library Shelving location Date acquired Source of acquisition Total Checkouts Full call number Barcode Price effective from Koha item type
Descarte   Dewey Decimal Classification       Biblioteca Karol Wojtyla Biblioteca Karol Wojtyla   03/12/2013 Compra   421.07 REF 42924 17/08/2015 Libro
Descarte   Dewey Decimal Classification       Biblioteca Karol Wojtyla Biblioteca Karol Wojtyla   03/12/2013 Compra   421.07 REF 42922 17/08/2015 Libro
  Extraviado Dewey Decimal Classification       Biblioteca Karol Wojtyla Biblioteca Karol Wojtyla   03/12/2013 Compra   421.07 REF 42925 03/12/2013 Libro
    Dewey Decimal Classification     General Tehuacán Tehuacán Sala general 03/12/2013 Compra   421.07 503808 03/12/2013 Libro